Kennedy Family by Picture - Statistics

General Stats
  • This quiz has been taken 343 times
  • The average score is 11 of 15
Answer Stats
Picture Answer % Correct
Jacqueline Kennedy
93%
John F. Kennedy
92%
Robert F. Kennedy Jr.
92%
John Schlossberg
87%
Rose Kennedy
84%
John F. Kennedy Jr.
83%
Robert F. Kennedy
82%
Caroline Kennedy
81%
Joseph P. Kennedy Jr.
75%
Edward Kennedy
72%
Ethel Kennedy
64%
Eunice Kennedy
59%
Joe Kennedy III
50%
Patricia Kennedy
45%
Kerry Kennedy
31%
No matching quizzes found
Score Distribution
Percent of People with Each Score
Percentile by Number Answered
Your Score History
You have not taken this quiz